00341nam a22000977a 4500082001600000100002400016245010500040260006800145300000700213650002300220 a297.197 JAS aKokkeragadda, Jason aAN ANALYTICAL STUDY on the ISLAMIC CONCEPT of JUSTICE and its RELEVANCE to the CONTEMPORARY SOCIETY  aHenry Martyn Institute, HyderabadbHenry Martyn Institutec2020 a82 aIslam and Politics